The amazing page : (Record no. 283252)
[ view plain ]
| 000 -LEADER | |
|---|---|
| fixed length control field | 00402nam a2200121Ia 4500 |
| 008 - FIXED-LENGTH DATA ELEMENTS--GENERAL INFORMATION | |
| fixed length control field | 150223s9999 xx 000 0 und d |
| 020 ## - INTERNATIONAL STANDARD BOOK NUMBER | |
| International Standard Book Number | 9781892127914 |
| 050 ## - LIBRARY OF CONGRESS CALL NUMBER | |
| Classification number | TR 501 |
| Item number | .A465 2006 |
| 245 #4 - TITLE STATEMENT | |
| Title | The amazing page : |
| Remainder of title | 650 new scrapbook page ideas, tips and techniques |
| 260 ## - PUBLICATION, DISTRIBUTION, ETC. (IMPRINT) | |
| Place of publication, distribution, etc | Ohio : |
| Name of publisher, distributor, etc | F+W Publications, |
| Date of publication, distribution, etc | 2006 |
| 300 ## - PHYSICAL DESCRIPTION | |
| Extent | 224 pages : |
| Other physical details | Colored, Illustration ; |
| Dimensions | 28 cm. |
| 504 ## - BIBLIOGRAPHY, ETC. NOTE | |
| Bibliography, etc | Includes Index. |
No items available.